1664 1935 1923 1796 1353 1956 1083 1716 1381 1495 1538 1730 1687 1061 1143 1096 1229 1665 1307 1002 1848 1371 1875 1096 1467 1085 1888 1986 1998 1407 1158 1947 1535 1539 1071 1501 1500 1852 1961 1629 1539 1432 1531 1000 1465 1668 1912 1010 1225 1288 1091 1216 1663 1965 1015 1050 1308 1981 1901 1367 1389 1990 1648 1748 1549 1171 1826 1231 1456 1110 1790 1025 1643 1938 1987 1910 1338 1676 1898 1861 1459 1087 1419 1772 1514 1346 1042 1402 1377 1229 1643 1739 1036 1968 1839 1382 1860 1582 1789 BCNSPRNW ULIB Ver.6.0+V

เปลี่ยนเป็นภาษาไทย

Change to English
 แสดงรายละเอียดบรรณานุกรม
  กลับหน้าหลัก

Brief Record : Get Marc (ISO 2709) : E-mail record : QR code < ปิดหน้าต่าง
LEADER : 00000nam 2200000uu 4500
001    13399124514
003     ULIB
008    150818s2551 th a 000 0 tha d
020    9789747074369
020    9747074362
090    นว.^bป553ร
100    กิ่งฉัตร
245    รหัสหัวใจ/^cกิ่งฉัตร
250    พิมพ์ครั้งที่ 5
260    กรุงเทพฯ :^bอรุณ,^c2551
300    578 หน้า;^b18.5 ซม.
500    นวนิยายลำดับที่ 45
710    อรุณ
945    ^p295^l0^i23106
999    ^aทศพร เกษรทอง
รายการนี้ยังไม่มีแท็ก
คุณยังไม่ได้ล็อกอิน คุณสามารถมีกิจกรรมร่วมกับเว็บไซต์ได้ แต่ต้องล็อกอินก่อน ::
  ล็อกอิน

รายการสื่อสารสนเทศ

ลำดับที่ ประเภท เลขเรียก/บาร์โค้ด สถานที่ สถานะ
1. นวนิยาย
นวนิยาย
นว. ป553ร ฉ.1 
  Barcode: 23106
ห้องสมุดวิทยาเขตนครสวรรค์
►นวนิยาย:l:Fiction
บนชั้น

รายการใกล้เคียง
    ผู้แต่ง [กิ่งฉัตร]

BibComment


ยังไม่เคยถูกคอมเมนท์

คอมเมนท์ทรัพยากรรายการนี้
  คอมเมนท์: รหัสหัวใจ กิ่งฉัตร


 Copyright 2026. Bcnsprnw @Library